00573nam a2200193Ia 4500003000900000008004100009020001800050040001600068080001900084100001500103245008600118250001200204260003900216300001400255650004100269650002300310650002400333650002200357IN-BaIIA211028s9999 xx 000 0 eng d a0-7167-0359-9 cIIA Library a524.3-852bMIH aMihalas, D 0aStellar atmospherescD. Mihalas  a2nd ed. aSan FranciscobW. H. Freemanc1978 axx, 632p. aAstronomy and astrophysics thesaurus aRadiative transfer aStellar atmospheres aStellar structure